000
00295nam a2200121Ia 4500
005
20251222154403.0
008
251222s9999||||xx |||||||||||||| ||spa||
020
_a
978-612-45205-7-0
082
_a
869.56/M21L
100
_a
"Mamani Macedo, Porfirio"
245
0
_a
La luz del camino
942
_c
LIB
999
_c
35354
_d
35354